Gaming Quiz

Random Gaming Quiz

MW2 missions Quiz Stats

 Plays Quiz not verified by Sporcle

Score 0/19 Timer 04:00
0 Plays Today
act mission % Correct
1S.S.D.D
88.1%
1no russian
72.6%
1cliff hanger
70.2%
1team player
59.5%
1take down
59.5%
2wolverines
53.6%
3end game
52.4%
little bit of funthe museum
52.4%
2the hornets nest
48.8%
2exodus
45.2%
act mission % Correct
2the gulag
45.2%
2the only easy day... was yesterday
44%
3contingency
40.5%
3second sun
39.3%
3whiskey hotel
38.1%
2of their own accord
36.9%
3loose ends
36.9%
3just like old times
35.7%
3the enemy of my enemy
34.5%

You're not logged in!

Compare scores with friends on all Sporcle quizzes.
OR
Log In

Show Comments

Extras

Top Quizzes Today


Score Distribution

Your Account Isn't Verified!

In order to create a playlist on Sporcle, you need to verify the email address you used during registration. Go to your Sporcle Settings to finish the process.

Report this User

Report this user for behavior that violates our Community Guidelines.

Details: